[Event "London Central op"]
[Site "London"]
[Date "2022.11.04"]
[Round "1"]
[White "Jiping, Li"]
[Black "Wilks, Simon"]
[Result "0-1"]
[WhiteElo "1658"]
[BlackElo "2061"]
[PlyCount "62"]
[EventDate "2022.11.04"]
[EventType "swiss"]
[EventRounds "5"]
[EventCountry "ENG"]
[SourceTitle "EXT 2024"]
[Source "ChessBase"]
[SourceDate "2023.10.10"]
[SourceVersion "1"]
[SourceVersionDate "2023.10.10"]
[SourceQuality "1"]

1. Nf3 d5 2. c4 e6 3. cxd5 exd5 4. Nc3 Nf6 5. e4 Nxe4 6. Nxe4 dxe4 7. Qa4+ c6 8. Qxe4+ Qe7 9. d3 Bf5 10. Qxe7+ Bxe7 11. Be2 0-0 12. 0-0 Nd7 13. Be3 Nb6 14. Nd4 Bg6 15. f4 Nd5 16. Bd2 Bc5 17. Bc3 Rfe8 18. Rf2 Nxf4 19. Rxf4 Rxe2 20. Kf1 Re5 21. Ne2 Re3 22. d4 Bd6 23. Rf3 Rxf3+ 24. gxf3 Bd3 25. Kf2 Bxe2 26. Kxe2 Bxh2 27. Rh1 Bf4 28. Kd3 Re8 29. Kc4 f6 30. a4 Kf7 31. Rxh7 Bh6 0-1